00318nam a2200121Ia 4500008004100000041000800041082001500049100001700064245004100081260004300122300002400165365000700189240624s9999 xx 000 0 und d aeng a344.01 TRI aTRIPATHI P C aINDUSTRIAL RELATIONS AND LABOUR LAWS c2009aNew DelhibSultan Chand and Sons a328 : p. : cm. ; 24 cRS